| 000 | 00000nam##2200000za#4500 |
| 001 | 9.576769 |
| 003 | CaOODSP |
| 005 | 20210624185309 |
| 007 | cr ||||||||||| |
| 008 | 150406|2000||||xxc|||||o f|0| 0 eng|d |
| 040 | |aCaOODSP|beng |
| 043 | |an-cn--- |
| 086 | 1 |aSC91-4/2000E-PDF |
| 110 | 1 |aCanada.|bCanadian Centre for Management Development. |
| 245 | 10|aSeattle : |h[electronic resource]|bthe lessons for future governance / |c[by] Pierre S. Pettigrew. |
| 260 | |aOttawa - Ontario : |bCanadian Centre for Management Development |c2000. |
| 300 | |a34p. |
| 490 | 1 |aJohn L. Manion lecture |
| 500 | |aCatalogue number and ISBN for the print edition appear in this electronic version. |
| 590 | |a13-15-Supp|b2013-06-24 |
| 690 | 07|aExternal relations|2gcpds |
| 690 | 07|aGlobalization|2gcpds |
| 690 | 07|aTrade relations|2gcpds |
| 775 | 08|tSeattle : |w(CaOODSP)9.605754 |
| 830 | #0|aJohn L. Manion Lecture.|w(CaOODSP)9.504714 |
| 856 | 40|ahttp://publications.gc.ca|qPDF|s175 KB|uhttps://publications.gc.ca/collections/Collection/SC91-4-2000E.pdf |